<?xml version="1.0" encoding="UTF-8"?>
<marc:record xmlns:marc="http://www.loc.gov/MARC21/slim">
   <marc:leader>00000nam a2200000 a 4500</marc:leader>
   <marc:datafield ind1="1" ind2=" " tag="100">
      <marc:subfield code="a">Hamm, Nick</marc:subfield>
      <marc:subfield code="4">aut</marc:subfield>
      <marc:subfield code="e">Verfasser/-in</marc:subfield>
   </marc:datafield>
   <marc:datafield ind1="1" ind2=" " tag="100">
      <marc:subfield code="a">Farahani, Golshifteh</marc:subfield>
   </marc:datafield>
   <marc:datafield ind1="1" ind2=" " tag="100">
      <marc:subfield code="a">Swindells, Connor</marc:subfield>
   </marc:datafield>
   <marc:datafield ind1="1" ind2=" " tag="100">
      <marc:subfield code="a">Bang, Claes</marc:subfield>
   </marc:datafield>
   <marc:datafield ind1="0" ind2="0" tag="245">
      <marc:subfield code="a">Wilhelm Tell</marc:subfield>
   </marc:datafield>
   <marc:datafield ind1="0" ind2="0" tag="245">
      <marc:subfield code="b">Held. Mythos. Legende.</marc:subfield>
   </marc:datafield>
   <marc:datafield ind1="0" ind2="0" tag="245">
      <marc:subfield code="c">Claes Bang, Connor Swindells, Golshifteh Farahani [und weitere] ; Drehbuch und Regie: Nick Hamm</marc:subfield>
   </marc:datafield>
   <marc:datafield ind1=" " ind2="1" tag="264">
      <marc:subfield code="b">Vuelta Entertainment GmbH</marc:subfield>
      <marc:subfield code="c">2025</marc:subfield>
   </marc:datafield>
   <marc:datafield ind1="1" ind2=" " tag="520">
      <marc:subfield code="a">Die Schweiz im frühen 14. Jahrhundert: Während das Heilige Römische Reich von inneren Machtkämpfen erschüttert wird, will der Habsburger König Albrecht seine Macht weiter ausdehnen. Doch in den Dörfern und Tälern der Schweiz entfacht seine Willkürherrschaft den Widerstand des Volkes. Als der Jäger und ehemalige Kreuzritter Wilhelm Tell einem fliehenden Bauern Schutz gewährt, gerät er unweigerlich in den Kampf um die Freiheit seines Landes. Doch erst Albrechts brutaler Statthalter Gessler ihn öffentlich demütigt und seine Familie direkt bedroht, trifft Tell eine unumkehrbare Entscheidung: Er wird nicht nur zum Widerstandskämpfer - sondern zum Anführer einer Rebellion, die Geschichte schreiben wird.</marc:subfield>
   </marc:datafield>
   <marc:datafield ind1="3" ind2=" " tag="024">
      <marc:subfield code="a">4009750223949</marc:subfield>
   </marc:datafield>
   <marc:datafield ind1=" " ind2=" " tag="500">
      <marc:subfield code="a">Ton: Deutsch, Englisch ; Untertitel: Deutsch, Deutsch für Hörgeschädigte</marc:subfield>
   </marc:datafield>
   <marc:datafield ind1="0" ind2=" " tag="490">
      <marc:subfield code="v">0</marc:subfield>
   </marc:datafield>
   <marc:datafield ind1=" " ind2=" " tag="300">
      <marc:subfield code="a">1 DVD - Video (128 Minuten)</marc:subfield>
   </marc:datafield>
</marc:record>
